<?xml version="1.0" encoding="UTF-8"?><?xml-stylesheet type="text/xsl" href="static/style.xsl"?><OAI-PMH xmlns="http://www.openarchives.org/OAI/2.0/" xmlns:xsi="http://www.w3.org/2001/XMLSchema-instance" xsi:schemaLocation="http://www.openarchives.org/OAI/2.0/ http://www.openarchives.org/OAI/2.0/OAI-PMH.xsd"><responseDate>2026-04-27T21:46:54Z</responseDate><request verb="GetRecord" identifier="oai:uvadoc.uva.es:10324/32098" metadataPrefix="marc">https://uvadoc.uva.es/oai/request</request><GetRecord><record><header><identifier>oai:uvadoc.uva.es:10324/32098</identifier><datestamp>2024-10-17T13:50:52Z</datestamp><setSpec>com_10324_38</setSpec><setSpec>col_10324_852</setSpec></header><metadata><record xmlns="http://www.loc.gov/MARC21/slim" xmlns:doc="http://www.lyncode.com/xoai" xmlns:xsi="http://www.w3.org/2001/XMLSchema-instance" xmlns:dcterms="http://purl.org/dc/terms/" xsi:schemaLocation="http://www.loc.gov/MARC21/slim http://www.loc.gov/standards/marcxml/schema/MARC21slim.xsd">
<leader>00925njm 22002777a 4500</leader>
<datafield tag="042" ind1=" " ind2=" ">
<subfield code="a">dc</subfield>
</datafield>
<datafield tag="720" ind1=" " ind2=" ">
<subfield code="a">Santos Lozano, Rafael</subfield>
<subfield code="e">author</subfield>
</datafield>
<datafield tag="260" ind1=" " ind2=" ">
<subfield code="c">2018</subfield>
</datafield>
<datafield tag="520" ind1=" " ind2=" ">
<subfield code="a">Este trabajo de investigación estudia la relación entre la agricultura vinícola y la sociedad, así como sus interacciones mutuas con el medio que le rodea, generando el conocido como paisaje del vino. Entre todos esos vínculos profundizará en el diálogo que se produce entre la arquitectura y el entorno natural en el que se encuentre, analizando la integración y la transformación de la primera en el segundo, y las consecuencias que de dicha unión generan.</subfield>
</datafield>
<datafield tag="024" ind2=" " ind1="8">
<subfield code="a">http://uvadoc.uva.es/handle/10324/32098</subfield>
</datafield>
<datafield ind1=" " ind2=" " tag="653">
<subfield code="a">Bodegas - Arquitectura - Aspecto del medio ambiente</subfield>
</datafield>
<datafield ind1=" " ind2=" " tag="653">
<subfield code="a">Arquitectura del paisaje - Aspecto del medio ambiente</subfield>
</datafield>
<datafield tag="245" ind1="0" ind2="0">
<subfield code="a">Paisajes de la arquitectura del vino</subfield>
</datafield>
</record></metadata></record></GetRecord></OAI-PMH>